Sometimes Ivory,Sometimes Sand/ (Record no. 186618)

MARC details
000 -LEADER
fixed length control field 00545nam a22001817a 4500
005 - DATE AND TIME OF LATEST TRANSACTION
control field 20220420120850.0
010 ## - LCCN (DPL NO)
LC control number ENG-131929
020 ## - INTERNATIONAL STANDARD BOOK NUMBER
International Standard Book Number 9789389253122
Terms of availability 450.00
035 ## - SYSTEM CONTROL NUMBER
System control number EN-1154561
037 ## - SOURCE OF ACQUISITION
Source of stock number/acquisition DBAD/PUB
082 ## - DEWEY DECIMAL CLASSIFICATION NUMBER
Classification number N
100 ## - MAIN ENTRY--PERSONAL NAME
Personal name Jangda, Mahek
245 ## - TITLE STATEMENT
Title Sometimes Ivory,Sometimes Sand/
Statement of responsibility, etc Mehak Jangeda
260 ## - PUBLICATION, DISTRIBUTION, ETC. (IMPRINT)
Place of publication, distribution, etc Gurugram
Name of publisher, distributor, etc Hachette Book Publishing India Pvt. Ltd.
Date of publication, distribution, etc 2020
270 ## - ADDRESS
Address 4th/5th Floors,Corporate Center, Plot no. 94 Sector 44,
City Gurugram
Postal code 122003
300 ## - PHYSICAL DESCRIPTION
Extent 272p.
Dimensions 20cm(pbk)
942 ## - ADDED ENTRY ELEMENTS (KOHA)
Source of classification or shelving scheme Dewey Decimal Classification
Item type English Books
Classification part N
Call number suffix JAN
Holdings
Withdrawn status Lost status Not for loan Collection code Home library Current library Date acquired Source of acquisition Cost, normal purchase price Full call number Barcode Copy number Cost, replacement price Koha item type
      Fiction Central Library Central Library 10/03/2022 DBAD/PUB 450.00 N JAN EN-115461 1 450.00 English Books

© Delhi Public Library
Hit Counter
free hit counter